• 首页
  • 本馆介绍
  • 公告通知
  • 最新文献
  • 馆藏检索
  • 电子资源
  • 读者导购
  • 参考咨询
  • 我的图书馆
  • 登录
  • 详细信息显示
  • 放入我的书架
  • 预约/预借图书
  • 作者相关作品
  • 分类相关作品
  • 丛书相关作品
  • 出版社相关作品

书目信息

  • 表格格式
  • 工作单格式
  • 卡片格式
题名:
非平衡增长中的金融、价格和产业结构
    
 
作者: 于泽 著
分册:  
出版信息: 北京   中国人民大学出版社  2016
页数: 279页
开本: 24cm
丛书名:
单 册:
中图分类: F269.24
科图分类:
主题词: 金融--jin rong--关系--产业结构--研究--中国 , 价格--jia ge--关系--产业结构--研究--中国
电子资源:
ISBN: 978-7-300-22955-3
000 01142nam0 22002651 450
001 0127144134
005 20170427144134.0
010    @a978-7-300-22955-3@dCNY58.00
100    @a20160714d2016 em y0chiy50 ea
101 0  @achi@ceng
102    @aCN@b110000
105    @ay z 000yy
106    @ar
200 1  @a非平衡增长中的金融、价格和产业结构@Afei ping heng zeng chang zhong de jin rong jia ge he chan ye jie gou@dFinance, price and industrial structure in unbalanced economic growth@f于泽著@zeng
210    @a北京@c中国人民大学出版社@d2016
215    @a279页@d24cm
300    @a经济学学术前沿系列 受到中国人民大学“统筹推进世界一流大学和一流学科建设”专项经费的支持
330    @a本书作者从宏观经济学的角度分析了金融、结构性通货膨胀和产业结构的关系,系统分析了我国金融政策对经济结构的影响。
510 1  @aFinance, price and industrial structure in unbalanced economic growth@zeng
606 0  @a金融@Ajin rong@x关系@x产业结构@x研究@y中国
606 0  @a价格@Ajia ge@x关系@x产业结构@x研究@y中国
690    @aF269.24@v5
701  0 @a于泽@Ayu ze@f(1978~)@4著
801  0 @aCN@bTANGWEI@c20170308
905    @b0967065-8@dF269.24@e253@f4
    
    非平衡增长中的金融、价格和产业结构=Finance, price and industrial structure in unbalanced economic growth/于泽著.-北京:中国人民大学出版社,2016
    279页;24cm
    经济学学术前沿系列 受到中国人民大学“统筹推进世界一流大学和一流学科建设”专项经费的支持
    
    ISBN 978-7-300-22955-3:CNY58.00
    本书作者从宏观经济学的角度分析了金融、结构性通货膨胀和产业结构的关系,系统分析了我国金融政策对经济结构的影响。
●
相关链接 在E读中查询图书 在五车中查询图书 在当当中查询图书 在豆瓣中查询图书


正题名:非平衡增长中的金融、价格和产业结构     索取号:F269.24/253         预约/预借

序号 登录号 条形码 馆藏地/架位号 状态 备注
1 0967065   209670658   第一样本阅览室/ [索取号:F269.24/253] 在馆    
2 0967066   209670667   密集书库-海洋学院/ [索取号:F269.24/253] 在馆    
3 0967067   209670676   第一借阅区/ [索取号:F269.24/253] 在馆    
4 0967068   209670685   第一借阅区/ [索取号:F269.24/253] 在馆    
唐山师范学院图书馆 欢迎您!
大连网信软件有限公司© 版权所有